00000000nam 2200000za 4500
0019.613174
003CaOODSP
00520250915154007
007ta
008150406|1996||||xxc|||||     f|0| 0 eng d
020 |a0-662-24828-7
022 |a1192-3571
040 |aCaOODSP|beng
043 |an-cn---
0861 |aR71-49/3-107E
1102 |aNorthern River Basins Study (Canada)‏.
24510|aIndicators of ecosystem integrity: Peace-Athabasca delta / |cby David B. Donald et al.
260 |aEdmonton - Alberta : |bNorthern River Basins Study |c1996.
300 |aiv, 56p. : |bfigs., graphs, maps, references, tables ; |c28 cm.
4901 |aNorthern River Basins Study project report|x1192-3571|vNo. 107
500 |a"The purpose of this report is to identify potential ecological indicators that could be used in future monitoring programs assessing the health and integrity of the aquatic environment of the Peace-Athabasca delta."--Introduction.
500 |aIssued also in electronic format.
5203 |aThe purpose of this report is to identify potential ecological indicators that could be used in future monitoring programs assessing the health and integrity of the aquatic environment of the Peace-Athabasca delta.--Introduction
563 |aRing binding
590 |a97-06|b1997-02-07
69007|aEnvironmental management|2gcpds
7201 |aDonald, David B.
7760#|tIndicators of ecosystem integrity : |w(CaOODSP)9.955340
830#0|aNorthern River Basins Study project report,|x1192-3571|vNo. 107|w(CaOODSP)9.514881
986 |aProject 5212-D1